<?xml version="1.0" encoding="UTF-8"?>
<record
    xmlns:xsi="http://www.w3.org/2001/XMLSchema-instance"
    xsi:schemaLocation="http://www.loc.gov/MARC21/slim http://www.loc.gov/standards/marcxml/schema/MARC21slim.xsd"
    xmlns="http://www.loc.gov/MARC21/slim">

  <leader>00926cam a2200241   4500</leader>
  <datafield tag="999" ind1=" " ind2=" ">
    <subfield code="c">5182</subfield>
    <subfield code="d">5182</subfield>
  </datafield>
  <controlfield tag="001">6136</controlfield>
  <controlfield tag="005">20190618104446.0</controlfield>
  <controlfield tag="008">190618b           ||||| |||| 00| 0 eng d</controlfield>
  <datafield tag="100" ind1="1" ind2=" ">
    <subfield code="a">Hewings, Martin.</subfield>
  </datafield>
  <datafield tag="245" ind1="1" ind2="0">
    <subfield code="a">Cambridge academic English :</subfield>
    <subfield code="b">An integrated skills course for EAP coursepack /</subfield>
    <subfield code="p">Student's book Upper intermediate /</subfield>
    <subfield code="c"> Course consultant: Michael McCarthy</subfield>
  </datafield>
  <datafield tag="264" ind1=" " ind2="1">
    <subfield code="a">Cambridge :</subfield>
    <subfield code="b">Cambridge University Press,</subfield>
    <subfield code="c">2014.</subfield>
  </datafield>
  <datafield tag="300" ind1=" " ind2=" ">
    <subfield code="a">176 pages :</subfield>
    <subfield code="b">color illustrations ;</subfield>
    <subfield code="c">28 cm.</subfield>
  </datafield>
  <datafield tag="336" ind1=" " ind2=" ">
    <subfield code="a">text</subfield>
    <subfield code="2">rdacontent</subfield>
  </datafield>
  <datafield tag="337" ind1=" " ind2=" ">
    <subfield code="a">unmediated</subfield>
    <subfield code="2">rdamedia</subfield>
  </datafield>
  <datafield tag="338" ind1=" " ind2=" ">
    <subfield code="a">volume</subfield>
    <subfield code="2">rdacarrier</subfield>
  </datafield>
  <datafield tag="650" ind1=" " ind2="0">
    <subfield code="a">Academic language.</subfield>
  </datafield>
  <datafield tag="650" ind1=" " ind2="0">
    <subfield code="a">English language</subfield>
    <subfield code="v">Textbooks for foreign speakers</subfield>
  </datafield>
  <datafield tag="650" ind1=" " ind2="0">
    <subfield code="a">English language</subfield>
    <subfield code="x">Rhetoric</subfield>
    <subfield code="v">Problems, exercises, etc.</subfield>
  </datafield>
  <datafield tag="650" ind1=" " ind2="0">
    <subfield code="a">English language</subfield>
    <subfield code="x">Usage</subfield>
    <subfield code="v">Problems, exercises, etc.</subfield>
  </datafield>
  <datafield tag="700" ind1="1" ind2=" ">
    <subfield code="a">McCarthy, Michael,</subfield>
    <subfield code="d">1947-</subfield>
  </datafield>
  <datafield tag="700" ind1="1" ind2=" ">
    <subfield code="a">Thaine, Craig,</subfield>
    <subfield code="d">1958-</subfield>
  </datafield>
  <datafield tag="942" ind1=" " ind2=" ">
    <subfield code="2">ddc</subfield>
    <subfield code="c">MAIN</subfield>
  </datafield>
  <datafield tag="952" ind1=" " ind2=" ">
    <subfield code="0">0</subfield>
    <subfield code="1">0</subfield>
    <subfield code="2">ddc</subfield>
    <subfield code="4">0</subfield>
    <subfield code="7">0</subfield>
    <subfield code="8">FAC RES</subfield>
    <subfield code="a">RTCLIB</subfield>
    <subfield code="b">RTCLIB</subfield>
    <subfield code="c">FAC RES</subfield>
    <subfield code="d">2018-11-27</subfield>
    <subfield code="h"> </subfield>
    <subfield code="i">9751</subfield>
    <subfield code="l">1</subfield>
    <subfield code="o">428.24 HEW</subfield>
    <subfield code="p">30009819</subfield>
    <subfield code="r">2024-07-26 00:00:00</subfield>
    <subfield code="s">2024-02-19</subfield>
    <subfield code="w">2018-11-27</subfield>
    <subfield code="y">FAC RES</subfield>
  </datafield>
  <datafield tag="952" ind1=" " ind2=" ">
    <subfield code="0">0</subfield>
    <subfield code="1">0</subfield>
    <subfield code="2">ddc</subfield>
    <subfield code="4">0</subfield>
    <subfield code="7">0</subfield>
    <subfield code="8">Binding</subfield>
    <subfield code="a">RTCLIB</subfield>
    <subfield code="b">RTCLIB</subfield>
    <subfield code="c">MAIN</subfield>
    <subfield code="d">2024-02-20</subfield>
    <subfield code="h">17436</subfield>
    <subfield code="l">1</subfield>
    <subfield code="m">1</subfield>
    <subfield code="o">428.24 HEW</subfield>
    <subfield code="p">30016435</subfield>
    <subfield code="r">2024-07-04 00:00:00</subfield>
    <subfield code="s">2024-02-24</subfield>
    <subfield code="w">2024-02-20</subfield>
    <subfield code="y">MAIN</subfield>
  </datafield>
  <datafield tag="952" ind1=" " ind2=" ">
    <subfield code="0">0</subfield>
    <subfield code="1">0</subfield>
    <subfield code="2">ddc</subfield>
    <subfield code="4">0</subfield>
    <subfield code="7">0</subfield>
    <subfield code="8">Binding</subfield>
    <subfield code="a">RTCLIB</subfield>
    <subfield code="b">RTCLIB</subfield>
    <subfield code="c">MAIN</subfield>
    <subfield code="d">2024-02-20</subfield>
    <subfield code="h">18435</subfield>
    <subfield code="o">428.24 HEW</subfield>
    <subfield code="p">30017747</subfield>
    <subfield code="r">2024-02-20 00:00:00</subfield>
    <subfield code="w">2024-02-20</subfield>
    <subfield code="y">MAIN</subfield>
  </datafield>
</record>
